[Event "CAN-ch"]
[Site "Toronto CAN"]
[Date "2025.04.17"]
[Round "1.23"]
[White "Dhaliwal, Jaipreet Singh"]
[Black "Siddeley, Hugh"]
[Result "1/2-1/2"]
[WhiteElo "2109"]
[BlackElo "1923"]
[WhiteFideId "-1"]
[WhiteFideId "-1"]
[PlyCount "79"]
[GameId "2172435961302177"]
[EventDate "2025.04.17"]
[EventType "swiss"]
[EventRounds "9"]
[EventCountry "CAN"]

1. e4 g6 2. d4 Bg7 3. Nc3 d6 4. f4 Nf6 5. Nf3 O-O 6. Bd3 Na6 7. Be3 c5 8. Qe2 cxd4 9. Bxd4 Nc5 10. Bxc5 dxc5 11. e5 Nd5 12. Nxd5 Qxd5 13. Be4 Qd8 14. O-O Qc7 15. Bd5 Bg4 16. Rad1 e6 17. Be4 Rfd8 18. Qb5 Rxd1 19. Rxd1 Rd8 20. Rxd8+ Qxd8 21. Qxc5 Qd1+ 22. Kf2 Bxf3 23. Bxf3 Qd2+ 24. Kf1 Qc1+ 25. Kf2 Qxf4 26. Qxa7 Qd2+ 27. Kf1 Bxe5 28. Qf2 Qc1+ 29. Qe1 Qxb2 30. Bxb7 Bc3 31. Qe4 Qxa2 32. g3 Qb2 33. Kg2 Kg7 34. Ba6 h5 35. Be2 Qb6 36. Bc4 Qc5 37. Bd3 Qd5 38. Qxd5 exd5 39. h3 f5 40. g4 1/2-1/2

[Event "CAN-ch"]
[Site "Toronto CAN"]
[Date "2025.04.17"]
[Round "1.24"]
[White "Zhang, Daniel"]
[Black "Joseph Benher, Savio"]
[Result "0-1"]
[WhiteElo "1909"]
[BlackElo "2108"]
[WhiteFideId "-1"]
[WhiteFideId "-1"]
[PlyCount "72"]
[GameId "2172435961302178"]
[EventDate "2025.04.17"]
[EventType "swiss"]
[EventRounds "9"]
[EventCountry "CAN"]

1. e4 e6 2. d4 d5 3. Nd2 c5 4. exd5 Qxd5 5. Ngf3 cxd4 6. Bc4 Qd6 7. O-O Nf6 8. Nb3 Nc6 9. Nbxd4 Nxd4 10. Nxd4 Be7 11. c3 O-O 12. Qf3 Qc7 13. Bb3 a5 14. a4 Bd7 15. Re1 Qb6 16. Bc2 Rac8 17. h4 Bc5 18. Nb3 Bc6 19. Qe2 Be7 20. Be3 Qc7 21. Nd4 Nd5 22. Nxc6 bxc6 23. Qh5 g6 24. Qg4 h5 25. Qe4 c5 26. Bh6 Rfd8 27. Rad1 Rb8 28. Bc1 Nf6 29. Rxd8+ Rxd8 30. Qc4 Ng4 31. Bf4 Bd6 32. Bxd6 Qxd6 33. g3 Qd2 34. Qe2 c4 35. Kf1 Kf8 36. Rd1 Nh2+ 0-1

[Event "CAN-ch"]
[Site "Toronto CAN"]
[Date "2025.04.17"]
[Round "1.25"]
[White "Marchand, Calix"]
[Black "Zhao, Jifan"]
[Result "1-0"]
[WhiteElo "2104"]
[BlackElo "1890"]
[WhiteFideId "-1"]
[WhiteFideId "-1"]
[PlyCount "55"]
[GameId "2172435961302179"]
[EventDate "2025.04.17"]
[EventType "swiss"]
[EventRounds "9"]
[EventCountry "CAN"]

1. e4 e6 2. d4 d5 3. Nc3 Nf6 4. Bg5 dxe4 5. Nxe4 Nbd7 6. Nf3 h6 7. Bxf6 Nxf6 8. Bd3 Nxe4 9. Bxe4 c5 10. Qe2 Qa5+ 11. c3 Be7 12. O-O-O O-O 13. Kb1 Rb8 14. Ne5 cxd4 15. Rxd4 Bf6 16. f4 b5 17. Bc2 Qc7 18. h4 Rd8 19. Rxd8+ Bxd8 20. Qd3 f5 21. Bb3 b4 22. cxb4 Bf6 23. Rc1 Qb6 24. Qxf5 Kh8 25. Ng6+ Kh7 26. Qc2 Qd4 27. Ne7+ Kh8 28. Qxc8+ 1-0

[Event "CAN-ch"]
[Site "Toronto CAN"]
[Date "2025.04.17"]
[Round "1.26"]
[White "Lu, Eddie"]
[Black "Kot, Emanuel"]
[Result "1/2-1/2"]
[WhiteElo "1889"]
[BlackElo "2103"]
[WhiteFideId "-1"]
[WhiteFideId "-1"]
[PlyCount "69"]
[GameId "2172435961302180"]
[EventDate "2025.04.17"]
[EventType "swiss"]
[EventRounds "9"]
[EventCountry "CAN"]

1. c4 e5 2. g3 Nf6 3. Bg2 d5 4. cxd5 Nxd5 5. Nc3 Nb6 6. Nf3 Nc6 7. O-O Be7 8. d3 O-O 9. Be3 Be6 10. Rc1 f6 11. d4 exd4 12. Nxd4 Nxd4 13. Bxd4 c6 14. Qd3 Nd5 15. Rfd1 Nxc3 16. Qxc3 Qe8 17. b3 Qf7 18. Bc5 Rfe8 19. Rd4 Qf8 20. Bxe7 Qxe7 21. Rcd1 Rad8 22. Qe3 Rxd4 23. Rxd4 Bf5 24. Qxe7 Rxe7 25. e4 Rd7 26. Rxd7 Bxd7 27. f4 Kf7 28. Kf2 Ke7 29. Ke3 Kd6 30. a3 b6 31. Bf1 c5 32. Bc4 h6 33. Kd2 a5 34. a4 Bc6 35. Kd3 1/2-1/2

[Event "CAN-ch"]
[Site "Toronto CAN"]
[Date "2025.04.18"]
[Round "2.1"]
[White "Cummings, David"]
[Black "Rodrigue-Lemieux, Shawn"]
[Result "1/2-1/2"]
[Annotator "hugh_"]
[WhiteElo "2257"]
[BlackElo "2505"]
[WhiteFideId "-1"]
[WhiteFideId "-1"]
[PlyCount "286"]
[GameId "2170886164632915"]
[EventDate "2025.04.17"]
[EventType "swiss"]
[EventRounds "9"]
[EventCountry "CAN"]

{[%evp 0,286,12,26,10,12,19,43,1,5,15,38,24,22,22,19,2,0,-23,-23,-28,-28,-28,-20,-20,-6,-4,-3,-8,-4,-3,8,-10,-1,-14,-3,1,-1,31,-7,-20,-17,2,7,8,8,49,0,6,14,6,9,5,5,-22,-34,-19,-20,-20,-45,-41,-16,-47,-35,-74,-28,-39,-26,-18,-59,-48,-30,-63,-62,-65,-52,-38,-51,-49,-29,-58,-54,-58,-51,-35,-52,-61,-28,-52,-55,-158,-50,-57,-96,-84,-87,-104,-49,-60,-88,-62,-83,-1,-69,-4,-39,-13,-13,-11,-27,-2,-1,10,-30,7,-84,-1,-110,-19,-35,1,-21,-28,-22,-28,-17,-11,-11,-5,-16,-21,-10,-84,-10,-1,-21,-32,-17,-10,-1,-1,-50,-5,-40,-30,-90,-33,-45,-32,-32,-25,-19,-22,-34,-29,-103,-27,-36,-28,-41,-30,-31,-11,-43,-28,-207,-14,-33,-31,-78,-51,-9,-28,-20,-68,-84,-86,-84,-1,-74,1,-84,-86,-62,-69,-65,-76,-90,-78,-106,-70,-307,-66,-226,-94,-121,-409,-136,-197,-136,-132,-92,-68,-72,-208,-61,-82,-91,-432,-93,-86,-117,-97,-301,-109,-136,-180,-166,-416,-136,-132,-130,-64,-125,-121,-128,-497,-130,-73,-60,-489,-71,-52,-146,-45,-63,-424,-60,-63,-62,-73,-65,-67,-78,-37,-86,-259,-132,-404,-139,-361,-158,-141,-143,-213,-149,-193,-207,-128,-170,-342,-162,-342,-222,-163,-110,-233,-114,-126,-119,-125,-104,-280,-104,-223,-158,-213,-166,-191,-180,-184,-173,-201,-396,-192,-181,-214,-160,-240]} 1. c4 c5 2. Nf3 Nc6 3. d4 cxd4 4. Nxd4 Nf6 5. Nc3 e6 6. g3 Qb6 7. Ndb5 Ne5 8. Bf4 Nfg4 9. e3 a6 10. h3 axb5 11. hxg4 Nxc4 12. Qb3 d5 13. Bxc4 dxc4 14. Qxb5+ Qxb5 15. Nxb5 Ra5 16. Nd6+ Bxd6 17. Bxd6 e5 18. g5 Bf5 19. f4 exf4 20. exf4 f6 21. gxf6 gxf6 22. Bb4 Rd5 23. Kf2 Kf7 24. Rae1 Kg6 25. Re7 Rd3 26. Bc3 h5 27. Re3 Rhd8 28. Rhe1 Bg4 29. a3 b5 30. Ba5 R8d7 31. Bc3 R7d5 32. Rxd3 cxd3 33. Bd2 Rd7 34. Rc1 Re7 35. Re1 Be2 36. Rc1 Kf5 37. Be3 Kg4 38. Rh1 Re4 39. Bd2 Re6 40. Rh4+ Kf5 41. Rh1 Re8 42. Rc1 Re4 43. Be3 b4 44. Bd2 bxa3 45. bxa3 Kg4 46. Ra1 Ra4 47. Be3 Bf3 48. Bd2 Bd5 49. Be3 Bb3 50. Bd2 Bc2 51. Be3 Kf5 52. Bd2 Ke4 53. Re1+ Kd5 54. Rh1 Rxa3 55. Rxh5+ Kd4 56. f5 Ke4 57. Rh4+ Kxf5 58. Rf4+ Ke6 59. Ke3 Bd1 60. Re4+ Kf7 61. Rf4 Be2 62. Bb4 Rb3 63. Bd2 Kg6 64. Rd4 Rb1 65. Rf4 Rg1 66. Kf2 Rh1 67. g4 Rf1+ 68. Ke3 Rb1 69. Bc3 Rb6 70. Kd2 Rc6 71. Ra4 Kg5 72. Rd4 Re6 73. Bb4 Bf1 74. Bc3 Ra6 75. Ke3 Rc6 76. Bd2 Be2 77. Kf2+ Kg6 78. Rf4 Re6 79. Rd4 Kf7 80. Be3 Re8 81. Rf4 Kg6 82. Rd4 Re7 83. Rf4 Rd7 84. Rd4 Rh7 85. Rd6 Rh3 86. Bd2 Bxg4 87. Kg2 Rf3 88. Bc3 Kg5 89. Bd2+ Kf5 90. Bc3 Kg5 91. Bd2+ Kg6 92. Bc3 Kf7 93. Bxf6 Rxf6 94. Rxd3 Ke6 95. Kg3 Bf5 96. Re3+ Kd5 97. Kf4 Be4+ 98. Kg3 Ke5 99. Ra3 Rg6+ 100. Kf2 Kf4 101. Ke1 Rg2 102. Kd1 Ke5 103. Kc1 Kd4 104. Rb3 Bc2 105. Rb8 Bd3 106. Rb2 Rg1+ 107. Kd2 Rh1 108. Rb4+ Bc4 109. Rb2 Rh3 110. Rc2 Ba2 111. Rb2 Bb3 112. Kc1 Rh1+ 113. Kd2 Kc4 114. Ke3 Rh3+ 115. Kd2 Kb4 116. Rb1 Rg3 117. Rc1 Rg2+ 118. Kd3 Rg8 119. Kd4 Rd8+ 120. Ke5 Bc4 121. Kf4 Kc5 122. Rg1 Kd4 123. Rg5 Bd3 124. Rg7 Rf8+ 125. Kg5 Rf5+ 126. Kg4 Ke3 127. Rg5 Rf1 128. Kg3 Bf5 129. Kh4 Kf4 130. Rg4+ Ke5 131. Rg2 Kf6 132. Kg3 Kg5 133. Rf2 Re1 134. Rh2 Bg4 135. Rd2 Re3+ 136. Kf2 Rf3+ 137. Kg2 Kh4 138. Rf2 Rg3+ 139. Kf1 Re3 140. Rd2 Kg3 141. Rg2+ Kf4 142. Rd2 Bh3+ 143. Kf2 Rf3+ 1/2-1/2

[Event "CAN-ch"]
[Site "Toronto CAN"]
[Date "2025.04.18"]
[Round "2.3"]
[White "Wang, Harry"]
[Black "Noritsyn, Nikolay"]
[Result "1/2-1/2"]
[WhiteElo "2181"]
[BlackElo "2450"]
[WhiteFideId "-1"]
[WhiteFideId "-1"]
[PlyCount "76"]
[GameId "2170886164653397"]
[EventDate "2025.04.17"]
[EventType "swiss"]
[EventRounds "9"]
[EventCountry "CAN"]

1. d4 Nf6 2. c4 e6 3. Nf3 d5 4. Nc3 Nbd7 5. Bf4 Bb4 6. Qb3 c5 7. cxd5 Nxd5 8. Bd2 cxd4 9. Nxd5 Bxd2+ 10. Nxd2 exd5 11. Qxd5 Qb6 12. Qe4+ Kf8 13. Nb3 Nc5 14. Nxc5 Qb4+ 15. Kd1 Qxc5 16. Rc1 Qb6 17. b3 Be6 18. g3 Rd8 19. Qe5 h5 20. Bg2 Qa6 21. Qc7 Re8 22. Rc2 d3 23. exd3 Qxd3+ 24. Rd2 Qb1+ 25. Qc1 Qf5 26. Re1 h4 27. Be4 Qh5+ 28. f3 hxg3 29. hxg3 Qa5 30. Qb2 Rh5 31. g4 Re5 32. Rh1 Ke7 33. Qd4 Rc8 34. Qd6+ Kf6 35. g5+ Rxg5 36. Qf4+ Ke7 37. Qd6+ Kf6 38. Qf4+ Ke7 1/2-1/2

[Event "CAN-ch"]
[Site "Toronto CAN"]
[Date "2025.04.18"]
[Round "2.4"]
[White "Sambuev, Bator"]
[Black "Kaufman, Raymond"]
[Result "1-0"]
[WhiteElo "2429"]
[BlackElo "2216"]
[WhiteFideId "-1"]
[WhiteFideId "-1"]
[PlyCount "107"]
[GameId "2170886164653398"]
[EventDate "2025.04.17"]
[EventType "swiss"]
[EventRounds "9"]
[EventCountry "CAN"]

1. Nf3 Nf6 2. c4 c5 3. b3 e6 4. g3 b6 5. Bg2 Bb7 6. O-O Be7 7. Bb2 O-O 8. Nc3 a6 9. e3 d5 10. Rc1 Nbd7 11. a4 Re8 12. Qe2 Qc7 13. d4 dxc4 14. Qxc4 Rac8 15. dxc5 Nxc5 16. b4 Ncd7 17. Qb3 Qc4 18. Qxc4 Rxc4 19. b5 axb5 20. axb5 Rec8 21. Rfd1 R4c7 22. Nd4 Bxg2 23. Kxg2 Ne5 24. Na4 Rxc1 25. Bxc1 Nd5 26. e4 Nc3 27. Nxc3 Rxc3 28. Bf4 Rd3 29. Ra1 Rxd4 30. Bxe5 Rd7 31. Ra8+ Rd8 32. Ra7 Bc5 33. Bc7 Rc8 34. Rb7 g5 35. Kf3 Kg7 36. h3 Ra8 37. Bxb6 Ra3+ 38. Kg2 Bxb6 39. Rxb6 h5 40. Rc6 Rb3 41. Rc5 Kg6 42. h4 g4 43. Rg5+ Kh6 44. Kf1 Rb4 45. Re5 Rb2 46. Ke1 Kg6 47. Rc5 Rb1+ 48. Kd2 Rb2+ 49. Kc3 Rxf2 50. b6 Rf1 51. Rb5 Rc1+ 52. Kd4 Rc8 53. b7 Rb8 54. Ke5 1-0

[Event "CAN-ch"]
[Site "Toronto CAN"]
[Date "2025.04.18"]
[Round "2.5"]
[White "Lin, Leo"]
[Black "Atanasov, Anthony"]
[Result "0-1"]
[WhiteElo "2119"]
[BlackElo "2413"]
[WhiteFideId "-1"]
[WhiteFideId "-1"]
[PlyCount "101"]
[GameId "2170886164653399"]
[EventDate "2025.04.17"]
[EventType "swiss"]
[EventRounds "9"]
[EventCountry "CAN"]

1. e4 Nc6 2. d4 d5 3. exd5 Qd7 4. d6 Qxd6 5. Bd2 Qd5 6. Be3 e5 7. Nc3 Bb4 8. Nf3 Bg4 9. Be2 Bxf3 10. Bxf3 Qc4 11. Qd3 Qxd3 12. Bxc6+ bxc6 13. cxd3 exd4 14. Bxd4 f6 15. O-O-O Ne7 16. Ne4 Bd6 17. Rhe1 Kd7 18. Nc5+ Bxc5 19. Bxc5 Nd5 20. Re4 h5 21. Rde1 g5 22. h4 a6 23. g3 Rh7 24. Kc2 g4 25. Kd2 Rf7 26. f4 gxf3 27. Rf1 Rb8 28. b3 f5 29. Re5 Re8 30. Rxe8 Kxe8 31. Rxf3 Kd7 32. b4 Ke6 33. Kc2 Rg7 34. Kb3 Rg4 35. a3 Nb6 36. Bf2 Rg8 37. Bd4 Rg4 38. Re3+ Kd7 39. Be5 Nd5 40. Rf3 Ke6 41. d4 f4 42. gxf4 Kf5 43. Kc4 Ke4 44. Rf2 Rg3 45. Re2+ Kf5 46. Rc2 Ne3+ 47. Kd3 Nxc2+ 48. Kxc2 Rxa3 49. Bxc7 Rh3 50. Bd8 Kxf4 51. Bg5+ 0-1

[Event "CAN-ch"]
[Site "Toronto CAN"]
[Date "2025.04.18"]
[Round "2.7"]
[White "Joseph Benher, Savio"]
[Black "Teodoro, Eduardo"]
[Result "1-0"]
[WhiteElo "2109"]
[BlackElo "2350"]
[WhiteFideId "-1"]
[WhiteFideId "-1"]
[PlyCount "83"]
[GameId "2170886164653401"]
[EventDate "2025.04.17"]
[EventType "swiss"]
[EventRounds "9"]
[EventCountry "CAN"]

1. e4 c5 2. Nf3 e6 3. d4 cxd4 4. Nxd4 a6 5. Nc3 Qc7 6. Qd3 b6 7. Qg3 Qxg3 8. hxg3 Nc6 9. Nb3 Nf6 10. f3 Nb4 11. Kd1 Bd6 12. g4 Bb7 13. g5 Ng8 14. Be3 Bc7 15. Na4 b5 16. Nac5 Bc8 17. a4 d6 18. axb5 dxc5 19. Bxc5 Rb8 20. Bxb4 axb5 21. Ra7 Bf4 22. Bd3 Be3 23. Ra5 Bd7 24. Ke2 Bxg5 25. Bd6 Rc8 26. Nc5 Bd8 27. Rxb5 Be7 28. e5 Bxd6 29. exd6 Nf6 30. Nxd7 Kxd7 31. Rb6 Ra8 32. Bb5+ Kc8 33. c4 Ra2 34. Bc6 Nd7 35. Bxd7+ Kxd7 36. c5 Rc8 37. Rc1 e5 38. Kf1 Ke6 39. Rb7 Ra6 40. d7 Rca8 41. c6 Kd6 42. c7 1-0

[Event "CAN-ch"]
[Site "Toronto CAN"]
[Date "2025.04.18"]
[Round "2.8"]
[White "Windram, James"]
[Black "Plotkin, Mark"]
[Result "0-1"]
[WhiteElo "1953"]
[BlackElo "2349"]
[WhiteFideId "-1"]
[WhiteFideId "-1"]
[PlyCount "86"]
[GameId "2173072040676445"]
[EventDate "2025.04.17"]
[EventType "swiss"]
[EventRounds "9"]
[EventCountry "CAN"]

1. Nf3 d5 2. g3 Nf6 3. Bg2 g6 4. c4 Bg7 5. cxd5 O-O 6. O-O Nxd5 7. d4 Nc6 8. e4 Nb6 9. d5 Na5 10. Nc3 c6 11. Nd2 cxd5 12. Nxd5 Bd7 13. Nb3 Nac4 14. Nc5 Bc6 15. Rb1 e6 16. Ne3 Qe7 17. Nxc4 Nxc4 18. Nd3 Rfd8 19. Qb3 Na5 20. Qb4 Qc7 21. Nf4 Rd4 22. Qe1 Bb5 23. Ne2 Ra4 24. Bd2 Rxa2 25. Nc1 Bxf1 26. Bxf1 Rxb2 27. Bxa5 b6 28. Rxb2 Bxb2 29. Nd3 Bd4 30. Bd2 a5 31. e5 Qd7 32. Qe4 Rc8 33. Bh6 a4 34. Qf4 f5 35. exf6 Kf7 36. Bg5 a3 37. Qd2 Qd5 38. Bg2 Qa5 39. Nb4 Rc4 40. Bf1 Rxb4 41. Qf4 Bxf2+ 42. Qxf2 Qxg5 43. Qc2 Qc5+ 0-1

[Event "CAN-ch"]
[Site "Toronto CAN"]
[Date "2025.04.18"]
[Round "2.10"]
[White "Jaferian, Koosha"]
[Black "Blair, Michael"]
[Result "1-0"]
[WhiteElo "2293"]
[BlackElo "1840"]
[WhiteFideId "-1"]
[WhiteFideId "-1"]
[PlyCount "103"]
[GameId "2173072040553547"]
[EventDate "2025.04.17"]
[EventType "swiss"]
[EventRounds "9"]
[EventCountry "CAN"]

1. e4 c5 2. Nc3 e6 3. f4 d5 4. Nf3 dxe4 5. Nxe4 Nc6 6. Bb5 Bd7 7. Qe2 Be7 8. b3 Nf6 9. Bb2 Nxe4 10. Qxe4 Bf6 11. Bxf6 gxf6 12. O-O Qb6 13. Bc4 f5 14. Qe3 O-O-O 15. c3 Rhg8 16. Ng5 Rg7 17. Rf2 Rdg8 18. Nf3 Nd8 19. Ne5 Bc6 20. Bf1 Be8 21. Nd3 c4 22. Qxb6 axb6 23. bxc4 Kc7 24. Rb1 h5 25. Ne5 Nc6 26. Nf3 f6 27. d4 Nd8 28. d5 Rg4 29. Nd4 Bf7 30. Be2 R4g7 31. Bf3 h4 32. Rfb2 e5 33. Nxf5 Bg6 34. d6+ Kb8 35. Nxg7 Bxb1 36. Rxb1 Rxg7 37. fxe5 fxe5 38. Rxb6 Ka7 39. Rb5 Rg6 40. Rxe5 Rxd6 41. Rd5 Nf7 42. Bh5 Rf6 43. Bxf7 Rxf7 44. Rd4 h3 45. g4 Kb6 46. g5 Rf3 47. g6 Rxc3 48. g7 Rc1+ 49. Kf2 Rc2+ 50. Kf3 Rc3+ 51. Kf4 Kc5 52. Re4 1-0

[Event "CAN-ch"]
[Site "Toronto CAN"]
[Date "2025.04.18"]
[Round "2.11"]
[White "Yang, Larry"]
[Black "Gavrilin, Roman"]
[Result "1/2-1/2"]
[WhiteElo "1937"]
[BlackElo "2170"]
[WhiteFideId "-1"]
[WhiteFideId "-1"]
[PlyCount "65"]
[GameId "2173072040590412"]
[EventDate "2025.04.17"]
[EventType "swiss"]
[EventRounds "9"]
[EventCountry "CAN"]

1. e4 c5 2. Nf3 d6 3. Bb5+ Nd7 4. O-O Ngf6 5. Re1 a6 6. Bf1 e6 7. c3 b5 8. a4 Bb7 9. d3 Be7 10. Nbd2 O-O 11. d4 Qb6 12. e5 dxe5 13. dxe5 Nd5 14. c4 bxc4 15. Nxc4 Qc7 16. Bd2 N7b6 17. Rc1 Nxc4 18. Rxc4 Rfd8 19. Qc2 Qd7 20. Ba5 Rdc8 21. Bd3 g6 22. Be4 Nb4 23. Bxb4 cxb4 24. Bxb7 Qxb7 25. Rc1 Rxc4 26. Qxc4 Rd8 27. h3 Rd5 28. Qc7 Rd1+ 29. Kh2 Qxc7 30. Rxc7 Kf8 31. Rc8+ Kg7 32. Rc7 Kf8 33. Rc8+ 1/2-1/2

[Event "CAN-ch"]
[Site "Toronto CAN"]
[Date "2025.04.18"]
[Round "2.12"]
[White "Yang, Ryan"]
[Black "Bao, Tony"]
[Result "1-0"]
[WhiteElo "2350"]
[BlackElo "1979"]
[WhiteFideId "-1"]
[WhiteFideId "-1"]
[PlyCount "155"]
[GameId "2173072040598605"]
[EventDate "2025.04.17"]
[EventType "swiss"]
[EventRounds "9"]
[EventCountry "CAN"]

1. e4 c5 2. Nf3 d6 3. d4 cxd4 4. Nxd4 Nf6 5. Nc3 Nc6 6. Bg5 e6 7. Qd2 a6 8. O-O-O Bd7 9. Kb1 Be7 10. f3 Nxd4 11. Qxd4 Qc7 12. Be3 h5 13. Qd2 b5 14. Bf4 b4 15. Ne2 e5 16. Bg5 a5 17. Nc1 Rb8 18. Bxf6 gxf6 19. b3 Be6 20. Nd3 Rc8 21. Nb2 Qc5 22. Bc4 Bf8 23. g3 Ke7 24. f4 Bh6 25. Rhf1 Bh3 26. Rfe1 Bg4 27. Be2 Be6 28. Bc4 Bg4 29. Be2 Be6 30. Nc4 Rhd8 31. Ne3 exf4 32. Nd5+ Bxd5 33. exd5 Kf8 34. Bxh5 f5 35. Qd3 Qc3 36. Qxf5 Rc7 37. Qd3 Qh8 38. c4 bxc3 39. Kc2 a4 40. b4 a3 41. Qf5 Rb8 42. Re4 Qg7 43. g4 Qg5 44. Qxg5 Bxg5 45. Rd3 Bf6 46. Rxf4 Be5 47. Re4 Rcb7 48. Rxc3 Bxc3 49. Kxc3 Rb5 50. Rd4 f6 51. Bg6 Kg7 52. Bd3 R5b7 53. Kb3 Ra7 54. b5 Rh8 55. Ra4 Re7 56. Re4 Ra7 57. Ra4 Re7 58. Rxa3 Rxh2 59. b6 Rb7 60. Ra7 Rxa7 61. bxa7 Rh8 62. a4 Ra8 63. a5 Rxa7 64. a6 Kh6 65. Kb4 Kg5 66. Kb5 Kxg4 67. Kb6 Ra8 68. Kb7 Rg8 69. Kc7 Kf4 70. Kxd6 Rd8+ 71. Ke6 Ke3 72. Bb5 Kd4 73. Bc6 f5 74. a7 f4 75. a8=Q Rxa8 76. Bxa8 f3 77. d6 f2 78. Bg2 1-0

[Event "CAN-ch"]
[Site "Toronto CAN"]
[Date "2025.04.18"]
[Round "2.13"]
[White "Mendes, Aaron Reeve"]
[Black "Mutyalapati, Modith Aaroh"]
[Result "1/2-1/2"]
[WhiteElo "2335"]
[BlackElo "1985"]
[WhiteFideId "-1"]
[WhiteFideId "-1"]
[PlyCount "151"]
[GameId "2173072040610894"]
[EventDate "2025.04.17"]
[EventType "swiss"]
[EventRounds "9"]
[EventCountry "CAN"]

1. e4 e6 2. d4 d5 3. Nd2 Nf6 4. e5 Nfd7 5. Bd3 c5 6. c3 Nc6 7. Ne2 cxd4 8. cxd4 f6 9. exf6 Nxf6 10. O-O Bd6 11. Nf3 Qc7 12. Bg5 O-O 13. Bh4 Nh5 14. Qc2 h6 15. Bh7+ Kh8 16. Bg6 Nf4 17. Nxf4 Bxf4 18. Rfe1 Bd7 19. Rad1 Be8 20. Bxe8 Raxe8 21. Bg3 Qf7 22. Re2 Bxg3 23. hxg3 Qh5 24. Qd2 e5 25. g4 Qxg4 26. Nxe5 Nxe5 27. dxe5 Rf4 28. Rde1 Rd4 29. Qc3 Rc4 30. Qb3 b6 31. Qb5 Qe6 32. b3 Rg4 33. Qd3 Rf8 34. Rd2 d4 35. Qh3 Qg6 36. Rde2 d3 37. Re3 d2 38. Rd1 Rd4 39. e6 Re8 40. e7 Qf7 41. Re2 Rxe7 42. Qc8+ Kh7 43. Qc2+ Kg8 44. Rexd2 Rxd2 45. Qxd2 Re8 46. Rc1 Qe6 47. Qd4 Qe5 48. Qa4 Re7 49. Qc4+ Qe6 50. Qd3 Qe4 51. Qc3 Qe5 52. Qc8+ Re8 53. Qc7 Re7 54. Qxe5 Rxe5 55. Rc7 a5 56. Rc2 a4 57. bxa4 Re4 58. Rc8+ Kh7 59. Ra8 Re2 60. a3 Ra2 61. Ra6 Rxa3 62. f3 Rb3 63. Kh2 b5 64. axb5 Rxb5 65. Kh3 Rh5+ 66. Kg3 Rg5+ 67. Kf2 Re5 68. f4 Rb5 69. g4 Rb3 70. Ra7 Kg8 71. Rc7 Rd3 72. Kg2 Ra3 73. Kf2 Rb3 74. Re7 Rc3 75. Kg2 Rd3 76. Rc7 1/2-1/2

[Event "CAN-ch"]
[Site "Toronto CAN"]
[Date "2025.04.18"]
[Round "2.14"]
[White "Moses, Neil"]
[Black "Lu, Eddie"]
[Result "1-0"]
[WhiteElo "2148"]
[BlackElo "1889"]
[WhiteFideId "-1"]
[WhiteFideId "-1"]
[PlyCount "61"]
[GameId "2173072040619087"]
[EventDate "2025.04.17"]
[EventType "swiss"]
[EventRounds "9"]
[EventCountry "CAN"]

1. Nf3 Nf6 2. e3 c5 3. b3 g6 4. Bb2 Bg7 5. c4 O-O 6. Be2 Nc6 7. O-O d5 8. cxd5 Nb4 9. a3 Nbxd5 10. Qc2 b6 11. d3 Bb7 12. Nbd2 Rc8 13. Rac1 Ne8 14. Rfd1 Bxb2 15. Qxb2 Ng7 16. Ne4 Rc7 17. b4 cxb4 18. axb4 a6 19. Ne5 f6 20. Nc4 Ne6 21. Qb3 Kg7 22. Nc3 Nxc3 23. Rxc3 Bd5 24. Qa3 b5 25. Na5 Qa8 26. e4 Rxc3 27. Qxc3 Rc8 28. Qb2 Bc6 29. Bg4 Bd7 30. Qa2 Kf7 31. Re1 1-0

[Event "CAN-ch"]
[Site "Toronto CAN"]
[Date "2025.04.18"]
[Round "2.15"]
[White "Kola, Venkat Karthikeya R"]
[Black "Dhaliwal, Jaipreet Singh"]
[Result "0-1"]
[WhiteElo "1940"]
[BlackElo "2109"]
[WhiteFideId "-1"]
[WhiteFideId "-1"]
[PlyCount "64"]
[GameId "2173072040623184"]
[EventDate "2025.04.17"]
[EventType "swiss"]
[EventRounds "9"]
[EventCountry "CAN"]

1. d4 Nf6 2. c4 c5 3. d5 g6 4. Nc3 Bg7 5. Nf3 d6 6. e4 O-O 7. Bd3 e6 8. h3 exd5 9. exd5 Re8+ 10. Be3 Rxe3+ 11. fxe3 Qe7 12. Qc2 Nbd7 13. O-O-O Ne5 14. Nxe5 Qxe5 15. g4 h5 16. g5 Qxg5 17. Qh2 Nd7 18. Qf4 Qe7 19. Rdf1 Ne5 20. Bc2 a6 21. Ne4 Bf5 22. Ng3 Bxc2 23. Kxc2 b5 24. Rhg1 Nxc4 25. Nf5 gxf5 26. Rxg7+ Kxg7 27. Rg1+ Kf8 28. Qh6+ Ke8 29. Rg8+ Kd7 30. Rxa8 Qe4+ 31. Kc1 Qh1+ 32. Kc2 Qg2+ 0-1

[Event "CAN-ch"]
[Site "Toronto CAN"]
[Date "2025.04.18"]
[Round "2.16"]
[White "Kot, Emanuel"]
[Black "Liu, Sean"]
[Result "1-0"]
[WhiteElo "2103"]
[BlackElo "1937"]
[WhiteFideId "-1"]
[WhiteFideId "-1"]
[PlyCount "69"]
[GameId "2173072040627281"]
[EventDate "2025.04.17"]
[EventType "swiss"]
[EventRounds "9"]
[EventCountry "CAN"]

1. e4 c5 2. Nf3 e6 3. d4 cxd4 4. Nxd4 a6 5. Bd3 Nf6 6. Qe2 d6 7. O-O Qc7 8. c4 Nbd7 9. Nc3 g6 10. Be3 Bg7 11. Rac1 O-O 12. f3 b6 13. Rfd1 Bb7 14. Qf2 Rac8 15. Nde2 Nc5 16. Bb1 Rb8 17. Bf4 Ne8 18. Qe3 Be5 19. Bxe5 dxe5 20. Qd2 a5 21. Nb5 Qc6 22. Nec3 Ba6 23. Bc2 f6 24. a3 Rf7 25. b4 Nd7 26. Ba4 Qa8 27. Nd6 Nxd6 28. Qxd6 Nf8 29. c5 axb4 30. axb4 bxc5 31. bxc5 Rc8 32. c6 Rcc7 33. Qc5 Nd7 34. cxd7 Rfxd7 35. Qb6 1-0

[Event "CAN-ch"]
[Site "Toronto CAN"]
[Date "2025.04.18"]
[Round "2.17"]
[White "Siddeley, Hugh"]
[Black "Ng, Gary"]
[Result "0-1"]
[WhiteElo "1923"]
[BlackElo "2210"]
[WhiteFideId "-1"]
[WhiteFideId "-1"]
[PlyCount "98"]
[GameId "2173072040627282"]
[EventDate "2025.04.17"]
[EventType "swiss"]
[EventRounds "9"]
[EventCountry "CAN"]

1. e4 c6 2. Nf3 d5 3. d3 g6 4. Be2 Bg7 5. c3 e5 6. O-O Ne7 7. Re1 O-O 8. Bf1 Qc7 9. Qc2 h6 10. a4 Bg4 11. Nbd2 c5 12. h3 Be6 13. b3 Nd7 14. Ba3 Rfe8 15. g3 Rac8 16. Bg2 f5 17. Rad1 Kh7 18. h4 fxe4 19. dxe4 d4 20. cxd4 exd4 21. Rc1 Kh8 22. Qb1 Qa5 23. Nc4 Bxc4 24. Rxc4 b5 25. axb5 Nb6 26. Bc1 Nxc4 27. bxc4 a6 28. Bd2 Qa4 29. h5 axb5 30. cxb5 c4 31. Qc1 Ng8 32. b6 Qb3 33. Nh4 gxh5 34. Nf5 c3 35. Bxh6 Nxh6 36. Nxg7 Kxg7 37. Qg5+ Kh7 38. e5 Re6 39. b7 Rg8 40. Be4+ Kh8 41. Qxh5 c2 42. Bf5 Rxg3+ 43. fxg3 Qxg3+ 44. Kf1 Qxe1+ 45. Kxe1 c1=Q+ 46. Kf2 Qf4+ 47. Kg2 Rb6 48. Qe8+ Kg7 49. Bd3 Rb2+ 0-1

[Event "CAN-ch"]
[Site "Toronto CAN"]
[Date "2025.04.18"]
[Round "2.18"]
[White "Trofimov-Malyshkin, Valentyn"]
[Black "Duong, Thanh Nha"]
[Result "0-1"]
[WhiteElo "1982"]
[BlackElo "2182"]
[WhiteFideId "-1"]
[WhiteFideId "-1"]
[PlyCount "96"]
[GameId "2173072040635475"]
[EventDate "2025.04.17"]
[EventType "swiss"]
[EventRounds "9"]
[EventCountry "CAN"]

1. d4 Nf6 2. c4 e6 3. a3 b6 4. Nc3 Bb7 5. d5 exd5 6. cxd5 Bd6 7. Bg5 h6 8. Bh4 Qe7 9. Nf3 Na6 10. Nd4 Be5 11. e3 Qd6 12. Qa4 Nb8 13. Bxf6 Bxf6 14. Ne4 Qxd5 15. Nxf6+ gxf6 16. Nb5 Qe5 17. Rd1 a6 18. Nc3 b5 19. Qg4 f5 20. Qh5 d6 21. Qh4 Nd7 22. Rd4 Nc5 23. Qh3 Ne6 24. Rh4 O-O-O 25. Bd3 Rdg8 26. Rg1 Kb8 27. f4 Qc5 28. Kd2 b4 29. axb4 Qxb4 30. Kc1 Be4 31. Bxe4 fxe4 32. Rxh6 Rxh6 33. Qxh6 Nc5 34. Nd5 Qc4+ 35. Kb1 Qd3+ 36. Ka2 Qc4+ 37. Kb1 Nb3 38. Nc3 Qd3+ 39. Ka2 Nd2 40. Qf6 Qc4+ 41. Ka1 Qc6 42. Qxf7 Rh8 43. Re1 Rxh2 44. g4 Nc4 45. Qg8+ Ka7 46. Rc1 Qb6 47. Nd5 Qa5+ 48. Kb1 Nd2+ 0-1